Beyonce Songs A-Z - Statistics

General Stats
  • This quiz has been taken 44 times
  • The average score is 75 of 163
Answer Stats
Hint Answer % Correct
# 7/11
94%
C Crazy In Love
88%
D Drunk In Love
85%
# 1+1
79%
H Halo
76%
L Love ON Top
76%
A Alien Superstar
73%
B Baby Boy
73%
C Countdown
73%
R Run the World
73%
S Single Ladies
73%
D Diva
70%
X XO
70%
A All Night
67%
D Daddy
67%
D Deja Vu
67%
F Formation
67%
A America Has A Problem
64%
B Blue
64%
C Cuff It
64%
I If
64%
I If I Were a Boy
64%
I Irreplaceable
64%
P Partition
64%
R Ring the Alarm
64%
D Don't Hurt Yourself
61%
H Hold Up
61%
J Jolene
61%
N Naughty Girl
61%
S Sandcastles
61%
V Virgo's Groove
61%
A Amen
58%
A American Requiem
58%
B Break My Soul
58%
C Cozy
58%
D Daddy Lessons
58%
F Flawless
58%
F Freedom
58%
G Get Me Bodied
58%
I I Care
58%
K Kitty Kat
58%
S Sorry
58%
T Texas Hold 'Em
58%
# 16 Carriages
55%
# 6 Inch
55%
B Beautiful Liar
55%
E Ego
55%
H Heated
55%
J Jealous
55%
P Party
55%
P Plastic Off the Sofa
55%
P Pure/Honey
55%
U Upgrade U
55%
V Video Phone
55%
Y Ya Ya
55%
B Best Thing I Never Had
52%
B Black Parade
52%
B Blow
52%
B Bodygaurd
52%
C Check on It
52%
E Energy
52%
F Freakum Dress
52%
H Haunted
52%
I I'm That Girl
52%
M Me, Myself and I
52%
M Mine
52%
M Move
52%
P Pray You Catch Me
52%
P Pretty Hurts
52%
S Summer
52%
S Sweet Dreams
52%
A Alligator Tears
48%
A All Up in Your Mind
48%
A Ave Maria
48%
C Church Girl
48%
L Love Drought
48%
T Thique
48%
B Blackbiird
45%
B Broken- Hearted Girl
45%
D Dance for You
45%
E End Of Time
45%
H Hello
45%
# II Hands II Heaven
45%
# II Most Wanted
45%
P Protector
45%
R Resentment
45%
R Rocket
45%
S Schoolin Life
45%
S Signs
45%
S Spaghetti
45%
S Superpower
45%
D Daughter
42%
D Desert Eagle
42%
F Forward
42%
G Gift From Virgo
42%
H Hip Hop Star
42%
I I Miss You
42%
L Levii's Jeans
42%
L Listen
42%
M My House
42%
M My Rose
42%
T Tyrant
42%
Y Yes
42%
B Be With You
39%
D Dangerously In Love 2
39%
D Dolly P
39%
F Flamenco
39%
G Green Light
39%
G Grown Woman
39%
H Heaven
39%
I I Was Here
39%
J Just For Fun
39%
M Mood 4 Eva
39%
M My Power
39%
N No Angel
39%
R Radio
39%
R Rather Die Young
39%
R Riiverdance
39%
S Satellites
39%
S Standing on the Sun
39%
S Suga Mama
39%
S Sweet Honey Buckiin'
39%
T That's How you Like It
39%
A Already
36%
B Brown Skin Girl
36%
F Flaws and All
36%
S Smash Into You
36%
S Smoke Hour
36%
S Start Over
36%
W Why Don't You Love Me
36%
O Oh Louisiana
33%
R Ring Off
33%
S Scared of Lonely
33%
S Spirit
33%
W Water
33%
B Bigger
30%
D Disappear
30%
F Find Your Way Back
30%
N Nile
30%
C The Closer I Get to You
30%
A Amor Gitano
27%
B Be Alive
27%
S Save the Hero
27%
T That's Why You're Beautiful
27%
W Work it Out
27%
W World Wide Woman
27%
O Otherside
24%
F Feeling Myself
21%
L Lay Up Under Me
21%
S Smoke Hour II
21%
L The Linda Martell Show
21%
B Before I Let GO
18%
B Boss
18%
L Lift Off
18%
N Nice
18%
A At Last
15%
B Bow Down
15%
B Back UP
9%
D Die With You
6%
W What's it Gonna Be
6%
D Donk
3%
H Hollywood
3%
S Speechess
0%
No matching quizzes found
Score Distribution
Percent of People with Each Score
Percentile by Number Answered
Your Score History
You have not taken this quiz